<?xml version="1.0" encoding="UTF-8"?>
<record
    xmlns:xsi="http://www.w3.org/2001/XMLSchema-instance"
    xsi:schemaLocation="http://www.loc.gov/MARC21/slim http://www.loc.gov/standards/marcxml/schema/MARC21slim.xsd"
    xmlns="http://www.loc.gov/MARC21/slim">

  <leader>00851nam a2200205Ia 4500</leader>
  <controlfield tag="003">OSt</controlfield>
  <controlfield tag="005">20250210150948.0</controlfield>
  <controlfield tag="008">210210b2004   xxu||||| |||| 00| 0 eng d</controlfield>
  <datafield tag="040" ind1=" " ind2=" ">
    <subfield code="c">AL</subfield>
  </datafield>
  <datafield tag="041" ind1=" " ind2=" ">
    <subfield code="a">Kannada</subfield>
  </datafield>
  <datafield tag="082" ind1=" " ind2=" ">
    <subfield code="a">K894.9 JAYS</subfield>
  </datafield>
  <datafield tag="100" ind1=" " ind2=" ">
    <subfield code="a">JAYAPRAKASHA MAVINAKULI.</subfield>
    <subfield code="9">138801</subfield>
    <subfield code="d">&#xC9C;&#xCAF;&#xCAA;&#xCCD;&#xCB0;&#xC95;&#xCBE;&#xCB6;&#xCCD; &#xCAE;&#xCBE;&#xCB5;&#xCBF;&#xCA8;&#xC95;&#xCC1;&#xCB3;&#xCBF; </subfield>
  </datafield>
  <datafield tag="245" ind1=" " ind2=" ">
    <subfield code="a">Shivapura kambara namaskara: Padmashri Da. Chandrashekhara kambara abhinandana grantha.</subfield>
    <subfield code="b">&#xCB6;&#xCBF;&#xCB5;&#xCAA;&#xCC1;&#xCB0; &#xC95;&#xC82;&#xCAC;&#xCBE;&#xCB0; &#xCA8;&#xCAE;&#xCB8;&#xCCD;&#xC95;&#xCBE;&#xCB0; : &#xCAA;&#xCA6;&#xCCD;&#xCAE;&#xCB6;&#xCCD;&#xCB0;&#xCC0; &#xCA1;&#xCBE;I &#xC9A;&#xC82;&#xCA6;&#xCCD;&#xCB0;&#xCB6;&#xCC7;&#xC96;&#xCB0; &#xC95;&#xC82;&#xCAC;&#xCBE;&#xCB0;&#xCB0; &#xC85;&#xCAD;&#xCBF;&#xCA8;&#xC82;&#xCA6;&#xCA8;&#xCBE; &#xC97;&#xCCD;&#xCB0;&#xC82;&#xCA5; </subfield>
  </datafield>
  <datafield tag="260" ind1=" " ind2=" ">
    <subfield code="a">Mudubidire</subfield>
    <subfield code="b">Chandrashekhara kambara abhinandana samiti</subfield>
    <subfield code="c">2004</subfield>
  </datafield>
  <datafield tag="300" ind1=" " ind2=" ">
    <subfield code="a">272</subfield>
  </datafield>
  <datafield tag="650" ind1=" " ind2=" ">
    <subfield code="a">Chandrashekara kambara</subfield>
    <subfield code="9">138802</subfield>
  </datafield>
  <datafield tag="690" ind1=" " ind2=" ">
    <subfield code="a">Kannada Criticism</subfield>
    <subfield code="9">138803</subfield>
  </datafield>
  <datafield tag="906" ind1=" " ind2=" ">
    <subfield code="a">059944</subfield>
  </datafield>
  <datafield tag="942" ind1=" " ind2=" ">
    <subfield code="2">ddc</subfield>
    <subfield code="c">BK</subfield>
  </datafield>
  <datafield tag="999" ind1=" " ind2=" ">
    <subfield code="c">107033</subfield>
    <subfield code="d">107033</subfield>
  </datafield>
  <datafield tag="952" ind1=" " ind2=" ">
    <subfield code="0">0</subfield>
    <subfield code="1">0</subfield>
    <subfield code="2">ddc</subfield>
    <subfield code="4">0</subfield>
    <subfield code="7">0</subfield>
    <subfield code="8">KAN</subfield>
    <subfield code="a">AL</subfield>
    <subfield code="b">AL</subfield>
    <subfield code="d">2021-02-17</subfield>
    <subfield code="e">Spatika Prakashana, Mudbidire.</subfield>
    <subfield code="g">150.00</subfield>
    <subfield code="l">0</subfield>
    <subfield code="o">K894.9 JAYS</subfield>
    <subfield code="p">059944</subfield>
    <subfield code="r">2021-02-17 00:00:00</subfield>
    <subfield code="w">2021-02-17</subfield>
    <subfield code="y">BK</subfield>
  </datafield>
</record>
